Management theory and practice/ (Record no. 207)

MARC details
000 -LEADER
fixed length control field 01700nac a22002651u 4500
020 ## - INTERNATIONAL STANDARD BOOK NUMBER
International Standard Book Number 1844800881
082 ## - DEWEY DECIMAL CLASSIFICATION NUMBER
Classification number 658
090 ## - LOCALLY ASSIGNED LC-TYPE CALL NUMBER (OCLC); LOCAL CALL NUMBER (OCLC)
-- 207
-- 207
100 ## - MAIN ENTRY--PERSONAL NAME
Personal name Cole, Gerald
245 ## - TITLE STATEMENT
Title Management theory and practice/
Statement of responsibility, etc Gerald Cole
250 ## - EDITION STATEMENT
Edition statement 6th ed.
260 ## - PUBLICATION, DISTRIBUTION, ETC. (IMPRINT)
Place of publication, distribution, etc Australia
Name of publisher, distributor, etc Thomson
Date of publication, distribution, etc 2004
650 ## - SUBJECT ADDED ENTRY--TOPICAL TERM
Topical term or geographic name as entry element Management
942 ## - ADDED ENTRY ELEMENTS (KOHA)
Item type
Call number prefix 658C6891
Holdings
Withdrawn status Item status Damaged status Not for loan Home library Current library Shelving location Date acquired Source of acquisition Total Checkouts Total Renewals Full call number Barcode Date last seen Date last borrowed Cost, replacement price Koha item type
        Central Library Central Library First floor 06/02/2015 Purchase 6 8 658 COL 000004516 04/04/2026 15/03/2012 160.00 Book - Borrowing
        Central Library Central Library First floor 15/02/2006 Purchase 7 1 658 COL 000004431 15/07/2025 11/05/2019 160.00 Book - Borrowing
        Central Library Central Library First floor 15/02/2006 Purchase 7 6 658 COL 000004430 29/04/2026 02/04/2026 160.00 Book - Borrowing
        Central Library Central Library First floor 15/02/2006 Purchase 3 3 658 COL 000004429 15/07/2025 19/04/2015 160.00 Book - Borrowing
        Central Library Central Library First floor 15/02/2006 Purchase 5 37 658 COL 000004428 15/07/2025 25/02/2017 160.00 Book - Borrowing
        Central Library Central Library First floor 15/02/2006 Purchase 3 8 658 COL 000004427 15/07/2025 29/11/2020 160.00 Book - Borrowing
        Central Library Central Library First floor 15/02/2006 Purchase 5 4 658 COL 000004426 15/07/2025 03/05/2015 160.00 Book - Borrowing
        Central Library Central Library First floor 15/02/2006 Purchase 6   658 COL 000004425 15/07/2025 12/02/2017 160.00 Book - Borrowing
        Central Library Central Library First floor 15/02/2006 Purchase 9 3 658 COL 000004424 15/07/2025 10/04/2019 160.00 Book - Borrowing
        Central Library Central Library First floor 15/02/2006 Purchase 1   658 COL 000004347 15/07/2025 23/03/2011 160.00 NB - Book (Non borrowing)
        Central Library Central Library First floor 15/02/2006 Purchase 2 5 658 COL 000003409 04/04/2026 20/02/2018 160.00 Book - Borrowing